00000000nam##2200000za#4500
0019.588793
003CaOODSP
00520210624195322
007cr |||||||||||
008150406|1989||||xxc|||||o    f|0| 0 eng|d
040 |aCaOODSP|beng
041 |aeng
041 |afre
043 |an-cn---
0861 |aCS98-105/1989-PDF
24500|aOttawa-Hull |h[electronic resource]
260 |aOttawa - Ontario : |bStatistics Canada |c1989.
300 |a90p.|bgraphs, maps
4901 |aMetropolitan atlas series |v98-105
500 |aHistorical census publication digitized by Statistics Canada.
590 |a13-12-Supp|b2013-05-10
69007|aCensus data|2gcpds
69007|aDemographic maps|2gcpds
7102 |aStatistics Canada.
792 |tOttawa-Hull |efre|w(CaOODSP)9.588794
830#0|aMetropolitan atlas series ;|v98-105|w(CaOODSP)9.500695
85640|ahttp://publications.gc.ca|qPDF|s38.2 MB|uhttps://publications.gc.ca/collections/collection_2013/statcan/rh-hc/CS98-105-1989.pdf|y98-105